000 00850nam a22002297a 4500
003 DO-SdBNP
005 20210806133323.0
008 210714b 2018 ac 00| 0 eng d
020 _a9789945169133
040 _aDO-SdBNP
_bspa
_cBNPHU
082 4 _a920.71
_bF216a
245 0 0 _aAdeliquín. 60 años con Down /
_cArlette Pichardo Muñiz, compiladora y editora
260 _aSanto Domingo :
_bBúho,
_c2018.
300 _a112 p. :
_bil., retrs. ;
_c22 cm.
500 _aIncluye datos biográficos de la compiladora en la solapa de la cubierta.
590 _aInventariado, 2021 /LP
600 1 4 _aFantino Longo Gomez, Ricardo Adélico
_d1957-
_979420
650 4 _aSíndrome de down
_xAspectos sociales
_979421
700 1 _aPichardo Muñiz, Arlette,
_ecompiladora y editora
_979212
910 _aValidado. Control de calidad MFF
942 _2ddc
_cLBS1
999 _c50103
_d50103